000
00314nam a22000977a 4500
005
20250901165547.0
008
210909b |||||||| |||| 00| 0 eng d
050
_a
HM51 .G45 1999
245
_a
Study guide for use with Sociology
_b
An introduction, 6th ed
_c
Gelles, Richard
942
_2
lcc
_h
HM51 .G45 1999
999
_c
5864
_d
5864